effects of fertilizer on growth and yield of clone GT 1 on BO-IT tapping panel at cambodian rubber reserch institute ឥទ្ធិពលនៃជីនៅលើការលូតលាស់​និងទិន្នផលកៅស៊ូក្លូន​GT1 លើផ្ទាំងមុនចៀរ BO-II វិទ្យាស្ថានស្រាវជ្រាវកៅស៊ូកម្ពុជា (Record no. 19165)

000 -LEADER
fixed length control field 00719nam a22001337a 4500
040 ## - CATALOGING SOURCE
Transcribing agency RUA
082 ## - DEWEY DECIMAL CLASSIFICATION NUMBER
Classification number RUB YON 2018 B662 Or.1
100 ## - MAIN ENTRY--AUTHOR NAME
Personal name YONG NAYHENG យុង ណៃហេង
245 ## - TITLE STATEMENT
Title effects of fertilizer on growth and yield of clone GT 1 on BO-IT tapping panel at cambodian rubber reserch institute ឥទ្ធិពលនៃជីនៅលើការលូតលាស់​និងទិន្នផលកៅស៊ូក្លូន​GT1 លើផ្ទាំងមុនចៀរ BO-II វិទ្យាស្ថានស្រាវជ្រាវកៅស៊ូកម្ពុជា
260 ## - PUBLICATION, DISTRIBUTION, ETC. (IMPRINT)
Place of publication RUA
Name of publisher Phnom penh
Year of publication 2018
300 ## - PHYSICAL DESCRIPTION
Number of Pages xii;66p
Other physical details ill;
Dimensions 29cm
856 ## - ELECTRONIC LOCATION AND ACCESS
Uniform Resource Identifier YONG NAYHENG
942 ## - ADDED ENTRY ELEMENTS (KOHA)
Koha item type RUB
952 ## - LOCATION AND ITEM INFORMATION (KOHA)
Withdrawn status [LOCAL, KOHA] 0
952 ## - LOCATION AND ITEM INFORMATION (KOHA)
Withdrawn status [LOCAL, KOHA] 0
952 ## - LOCATION AND ITEM INFORMATION (KOHA)
Withdrawn status [LOCAL, KOHA] 0
952 ## - LOCATION AND ITEM INFORMATION (KOHA)
Withdrawn status [LOCAL, KOHA] 0
952 ## - LOCATION AND ITEM INFORMATION (KOHA)
Withdrawn status [LOCAL, KOHA] 0
952 ## - LOCATION AND ITEM INFORMATION (KOHA)
Withdrawn status [LOCAL, KOHA] 0
Holdings
Permanent Location Date acquired Koha item type Lost status Shelving location Barcode Current Location Full call number
Library Block B2020-04-28RUB B662A063823Library Block BRUB YON 2018 B662 Or.1
Library Block B2020-04-28RUB B622A063703Library Block BRUB YON 2018 B662 Or.2
Library Block B2020-04-28RUB B622A063763Library Block BRUB YON 2018 B662 Or.3
Library Block B2020-04-28RUB B622A063639Library Block BRUB YON 2018 B662 Or.4
Library Block B2020-04-28RUB B622A063579Library Block BRUB YON 2018 B662 Or.5
Library Block B2020-04-28RUB B622A063349Library Block BRUB YON 2018 B662 Or.6
មជ្ឈមណ្ឌលឯការនៃសាកលវិទ្យាល័យភូមិន្ទកសិកម្មចំការដូង

Powered by Koha